000 00284nam a2200121 a 4500
005 20141022142005.0
008 080922s19uu xx 00 eng d
050 _aVCD
_bP11 2001
245 _aPagbabalik sa tribo.
650 _aVCD.
650 _aPagbabalik sa tribo.
942 _cAVM
999 _c276475
_d276475